The Exploitation of Plant Resources in Ancient Africa : (Record no. 601653)

MARC details
000 -LEADER
fixed length control field 00533nam a2200193 a 4500
008 - FIXED-LENGTH DATA ELEMENTS--GENERAL INFORMATION
fixed length control field 251208s1999##################000#0#eng##
020 ## - INTERNATIONAL STANDARD BOOK NUMBER
ISBN 9780306461095
082 04 - DEWEY DECIMAL CLASSIFICATION NUMBER
Classification number 630.960901
Item number VEE
100 1# - MAIN ENTRY--AUTHOR NAME
Personal name Veen, Marijke van der,
245 10 - TITLE STATEMENT
Title The Exploitation of Plant Resources in Ancient Africa :
260 ## - PUBLICATION, DISTRIBUTION, ETC. (IMPRINT)
Name of publisher Springer Science & Business Media,
Year of publication 1999.
300 ## - PHYSICAL DESCRIPTION
Number of Pages 306 pages
650 #0 - SUBJECT ADDED ENTRY--TOPICAL TERM
Topical Term Social Science.
942 ## - ADDED ENTRY ELEMENTS (KOHA)
Koha item type English Books
Holdings
Withdrawn status Lost status Damaged status Not for loan Home library Current library Shelving location Date acquired Full call number Accession Number Price effective from Koha item type
        Anna Centenary Library Anna Centenary Library 6TH FLOOR, A WING 08.12.2025 630.960901 VEE 289866 08.12.2025 English Books

Find us on the map